ز ند گی کا سفر (Record no. 188177)

MARC details
000 -LEADER
fixed length control field 00649nam a22001937a 4500
005 - DATE AND TIME OF LATEST TRANSACTION
control field 20220511172850.0
010 ## - LCCN (DPL NO)
LC control number UR-11550
020 ## - INTERNATIONAL STANDARD BOOK NUMBER
Terms of availability 200.00
International Standard Book Number 9788194847106
035 ## - SYSTEM CONTROL NUMBER
System control number U-10105
037 ## - SOURCE OF ACQUISITION
Source of stock number/acquisition DBAD/PUB
Stock number -
082 ## - DEWEY DECIMAL CLASSIFICATION NUMBER
Classification number ک
Edition number Ist
100 ## - MAIN ENTRY--PERSONAL NAME
Personal name محمد مجيب ا حمد
245 ## - TITLE STATEMENT
Title ز ند گی کا سفر
Statement of responsibility, etc محمد مجيب ا حمد
Medium ا ر د و
246 ## - VARYING FORM OF TITLE
Remainder of title Zindgi Ka Safar (Urdu)
Title proper/short title by Mohd.Mujeeb Ahmad
260 ## - PUBLICATION, DISTRIBUTION, ETC. (IMPRINT)
Place of publication, distribution, etc Tilangana
Name of publisher, distributor, etc Mujeeb Publications
Date of publication, distribution, etc 2019 ء
270 ## - ADDRESS
Address 2-3-48/G,Fatima Gulshan,Qadri Bagh,Amber Peet ,
City Hyderabad
Postal code 500013
Telephone number 9676864045
Fax number -
300 ## - PHYSICAL DESCRIPTION
Extent 104 ص
Dimensions 22 Cm(Hb)
942 ## - ADDED ENTRY ELEMENTS (KOHA)
Source of classification or shelving scheme Dewey Decimal Classification
Item type Urdu Bks
Classification part ک
Call number suffix م ح م
Holdings
Withdrawn status Lost status Not for loan Collection code Home library Current library Date acquired Source of acquisition Cost, normal purchase price Full call number Barcode Copy number Cost, replacement price Koha item type
    Not For Loan Fiction D.B.Act.Division Central Library 11/05/2022 DBAD/PUB 200.00 ک م ح م U-10105 1 200.00 Urdu Bks

© Delhi Public Library
Hit Counter
free hit counter